Allgemeinwissen-Quiz #49 - Statistiken

Allgemein
  • Dieses Quiz wurde 76 mal gespielt
  • Das Durchschnittsergebnis liegt bei 16 aus 20
Antwortstatistiken
Frage Antwort % Korrekt
Welcher Fluss fliesst durch Paris? Seine
98%
Welchen Namen hat sich der neue Papst im Mai 2025 gegeben? Leo XIV.
95%
Was beschreibt der Begriff "IQ"? Messwert für kognitive Fähigkeiten
95%
Was hat es mit dem Stockholm-Syndrom auf sich? Es beschreibt die psychologische Bindung von Entführungsopfern an ihre Entführer
94%
Durch was wurde Margot Friedländer bekannt? Als Holocaust-Überlebende
92%
Welches chemische Element hat das Symbol Na? Natrium
92%
Wofür steht die Abkürzung GPS? Global Positioning System
89%
Wie nennt man die Kraft, die einen Körper zum Erdmittelpunkt zieht? Gravitation
89%
In welchem Land liegt der Regierungssitz Downing Street 10? Vereinigtes Königreich
88%
Welches Zahlensystem nutzt nur 0 und 1? Binär
86%
Wie viel ist 12 % von 250? 30
84%
Was bezeichnet "Sozialisation"? Einbindung in gesellschaftliche Normen
84%
Auf welchem dieser Bilder sehen wir einen "Panama-Hut"?
81%
In welcher Stadt befindet sich die Sixtinische Kapelle? Rom
80%
Welche Blutgruppe gilt als Universalspender? 0-
66%
Was ist dafür verantwortlich, dass wir Gegenstände im Wasser grösser wahrnehmen, als sie tatsächlich sind? die Geschwindigkeit der Lichtstrahlen
63%
Auf welchem Länderumriss sehen wir Kamerun?
58%
In welchem dieser Bilder mit Barack Obama ist ebenfalls John McCain zu sehen?
56%
In welchen beiden Ländern findet die Eishockey-Weltmeisterschaft 2025 statt? Schweden und Dänemark
42%
In welchem Jahr kam die Nintendo Wii auf den Markt? 2006
38%
Keine übereinstimmenden Quizze gefunden
Verteilung der Resultate
Anzahl Personen mit jedem Resultat
Perzentil nach korrekt beantworteten Fragen
Ihre Resultats-Entwicklung
Sie haben dieses Quiz noch nicht gespielt